| 000 | 00904cam a22002414a 4500 | ||
|---|---|---|---|
| 001 | 12403978 | ||
| 005 | 20171214070151.0 | ||
| 008 | 010509s2001 nyua b 001 0 eng | ||
| 010 | _a 2001034604 | ||
| 020 | _a0312294220 | ||
| 040 |
_aDLC _cDLC _dDLC |
||
| 041 | _aeng | ||
| 042 | _apcc | ||
| 080 | _a303.66083 | ||
| 082 | 0 | 0 | _a303.66083 |
| 100 | 1 | _a19 | |
| 101 | _aHIS | ||
| 245 | 1 | 4 |
_aThe impact of war on children : _cGraça Machel ; photographs by Sebastião Salgado. |
| 504 | _aIncludes bibliographical references and index. | ||
| 906 |
_a7 _bcbc _corignew _d1 _eocip _f20 _gy-gencatlg |
||
| 942 |
_2ddc _cBK |
||
| 999 |
_c38928 _d38928 |
||